'Thank U, Next' Lyrics Quiz Stats

 Plays Quiz Updated Jun 26, 2019

Score 0/298 Timer 10:00
15 Plays Today
% Correct
(Chorus)
100%
(Chorus)
99.9%
(Chorus)
99.9%
I
95.3%
I
95.3%
I
95.3%
I
95.3%
I
95.3%
I
95.3%
I
95.3%
I
95.3%
I
95.3%
I
95.3%
I
95.3%
I
95.3%
I
95.3%
a
95.3%
and
95.3%
and
95.3%
and
95.3%
and
95.3%
and
95.3%
and
95.3%
and
95.3%
And
95.3%
the
95.3%
the
95.3%
a
95.3%
the
95.3%
and
95.3%
And
95.3%
thank
94.9%
Thank
94.9%
Thank
94.9%
Thank
94.9%
Thank
94.9%
Thank
94.9%
Thank
94.9%
Thank
94.9%
Thank
94.9%
you
94.2%
you
94.2%
you
94.2%
you
94.2%
you
94.2%
you
94.2%
you
94.2%
you
94.2%
you
94.2%
you
94.2%
next (x3)
92.1%
next (x3)
92.1%
next,
92.1%
next,
92.1%
next,
92.1%
next,
92.1%
next,
92.1%
next,
92.1%
so
89.3%
so
89.3%
So
89.3%
so
89.3%
so...
89.3%
so
89.3%
so
89.3%
so
89.3%
an
88.7%
he
88.2%
me
87.7%
me
87.7%
me
87.7%
me,
87.7%
me
87.7%
me
87.7%
for
87.5%
for
87.5%
for
87.5%
for
87.5%
for
87.5%
for
87.5%
for
87.5%
was
86.6%
he
86%
love,
86%
love,
86%
love,
86%
I'm
85.8%
I'm
85.8%
I'm
85.8%
I'm
85.8%
I'm
85.8%
on
84.7%
to
84.6%
but
84.1%
but
84.1%
but
84.1%
but
84.1%
but
84.1%
no
84%
no
84%
% Correct
with
83.6%
with
83.6%
with
83.6%
with
83.6%
my
83.2%
my
83.2%
my
83.2%
my
83.2%
One
81.3%
one
81.3%
one
81.3%
one
81.3%
One
81.3%
that
81%
that.
81%
that
81%
that
81%
that
81%
that
81%
say
81%
say:
81%
say
81%
say...
81%
say...
81%
up
80.9%
Thought
80.3%
'cause
79.7%
'cause
79.7%
'cause
79.7%
angel.
79.5%
wasn't
79%
got
78.7%
got,
78.7%
got
78.7%
got
78.7%
end
78.7%
ex.
78.4%
taught
78.3%
taught
78.3%
taught
78.3%
taught
78.3%
taught
78.3%
taught
78.3%
match.
78%
Malcolm,
77.8%
now
77.7%
Now
77.7%
thankful.
77.5%
I'd
77.4%
some
77.2%
patience,
77.2%
patience.
77.2%
patience.
77.2%
Pete
76.6%
Sean,
76.6%
could
76.6%
Ricky,
76.1%
about
75.6%
about
75.3%
what
75.1%
what
75.1%
what
75.1%
what
75.1%
what
75.1%
what
75.1%
what
75.1%
song
74.7%
married,
74.2%
pain;
73.8%
pain,
73.8%
pain,
73.8%
Wish
73.6%
grateful
73.4%
amazing.
73.3%
amazing.
73.3%
amazing.
73.3%
Wrote
73%
not
72.7%
not
72.7%
not
72.7%
laugh.
72.6%
listen
72.6%
almost
72.5%
songs
72.2%
is
72.1%
is
72.1%
be
71.5%
I've
71%
I've
71%
I've
71%
I've
71%
I've
71%
I've
71%
I've
71%
I've
71%
I've
71%
I've
71%
see.
70.5%
see,
70.5%
see,
70.5%
% Correct
Even
69.2%
loved
69.2%
loved
69.2%
loved
69.2%
She
69%
she
69%
she
69%
she
69%
lost,
68.9%
lost,
68.9%
lost,
68.9%
that's
68.7%
that's
68.7%
that's
68.7%
is
68.4%
look
68.3%
look
68.3%
look
68.3%
look
68.3%
it
67.4%
her
63.9%
do
63.6%
we
63%
Ari
62.5%
'cause
62%
this
61.3%
this
61.3%
name
59.6%
I'll
57.2%
I'll
57.2%
I'll
57.2%
Mama.
56.8%
good
56.6%
from
56.6%
from
56.6%
last,
56.5%
last.
56.5%
gon'
56.3%
'cause
55.7%
too
55.6%
gon'
53.8%
they
53.7%
Dad,
53.4%
day
53%
down
53%
friends,
52.2%
time
51.7%
fast,
51.5%
walk
51.5%
drama.
51.1%
move
50.3%
hands
49.9%
holding
49.4%
know
49.4%
handles
49%
much
48.9%
much
48.9%
need
48.5%
need
48.5%
nothing.
48.3%
someone
48.2%
grew
48%
aisle
48%
ain't
47.8%
ain't
47.8%
better
47.7%
Spend
47.4%
else,
46.9%
How
46.6%
ain't
46.4%
thanking
46.2%
met
45.7%
wanna
45.6%
learned
45.1%
searchin',
45.1%
discussions.
44.9%
havin'
44.7%
found,
44.2%
found,
44.2%
worried
43.8%
smash.
43.7%
make
42%
more
41%
once
40.8%
Only
39.9%
least
39.5%
out
38.9%
Plus
37.1%
real
36.6%
God
36.5%
something
36.1%
bad,
35.1%
turned
35.1%
Yeah, yee
35%
happens,
34.2%
forbid
34%
Yeah, yee
33.4%
searching.
25.8%

You're not logged in!

Compare scores with friends on all Sporcle quizzes.
OR
Log In

Sporcle TV

Today on Sporcle TV


Watch our educational content, quiz creation guides, and fun videos on Sporcle TV.

Show Comments

Extras

Top Quizzes Today


Score Distribution

Your Account Isn't Verified!

In order to create a playlist on Sporcle, you need to verify the email address you used during registration. Go to your Sporcle Settings to finish the process.

Report this User

Report this user for behavior that violates our Community Guidelines.

Details: